00000000cam 2200000zi 4500
0019.959706
003CaOODSP
00520260514141617
006m     o  d f      
007cr |n|||||||||
008260210e202604  oncbd   ob   f000 0 eng d
020 |a9780660983141
040 |aCaOODSP|beng|erda|cCaOODSP
043 |an-cn-bc
0861 |aFs70-5/2026-019E-PDF
1001 |aFreshwater, Cameron, |eauthor.
24510|aSouthern Resident killer whale prey selectivity in relation to chinook salmon stock and size composition within Canadian critical habitat / |cCameron Freshwater, Wilf Luedke, Scott Toews, and Sheila J. Thornton.
264 1|aOttawa ON : |bCanadian Science Advisory Secretariat (CSAS), |cApril 2026.
264 4|c©2026
300 |a1 online resource (v, 76 pages) : |bmaps, charts..
336 |atext|btxt|2rdacontent
337 |acomputer|bc|2rdamedia
338 |aonline resource|bcr|2rdacarrier
4901 |aResearch document, |x1919-5044 ; |v2026/019
500 |aIssued also in French under title: Sélectivité des proies de l’épaulard résident du Sud en relation avec la composition des stocks et de la taille du saumon chinook dans l’habitat essentiel canadien.
504 |aIncludes bibliographical references (pages 42-49).
650 0|aChinook salmon|xPredators of|zBritish Columbia|zPacific Coast.
650 0|aFish populations|zBritish Columbia|zPacific Coast.
650 0|aKiller whale|xFood|zBritish Columbia|zPacific Coast.
650 0|aPredation (Biology)|zBritish Columbia|zPacific Coast.
7101 |aCanada. |bDepartment of Fisheries and Oceans. |bPacific Region, |eissuing body.
7102 |aCanadian Science Advisory Secretariat, |eissuing body.
77508|tSélectivité des proies de l'orque résident méridional en relation avec la composition du stock et de la taille du saumon quinnat dans l'habitat critique canadien.|w(CaOODSP)9.959708
830#0|aResearch document (Canadian Science Advisory Secretariat)|v2026/019.|w(CaOODSP)9.507396
85640|qPDF|s19.3 MB|uhttps://publications.gc.ca/collections/collection_2026/mpo-dfo/fs70-5/Fs70-5-2026-019-eng.pdf